03838 2201885 4500001002100000008004100021035002000062245004600082100001000128250000600138260003300144300001200177084001400189082000800203650001300211990001200224990001200236990001200248990001200260990001200272990001200284990001200296990001200308990001200320990001200332990001200344990001200356990001200368990001200380990001200392990001200404990001200416990001200428990001200440990001200452990001200464990001200476990001200488990001200500990001200512990001200524990001200536990001200548990001200560990001200572990001200584990001200596990001200608990001200620990001200632990001200644990001200656990001200668990001200680990001200692990001200704990001200716990001200728990001200740990001200752990001200764990001200776990001200788990001200800990001200812990001200824990001200836990001200848990001200860990001200872990001200884990001200896990001200908990001200920990001200932990001200944990001200956990001200968990001200980990001200992990001201004990001201016990001201028990001201040990001201052990001201064990001201076990001201088990001201100990001201112990001201124990001201136990001201148990001201160990001201172990001201184990001201196990001201208990001201220990001201232990001201244990001201256990001201268990001201280990001201292990001201304990001201316990001201328990001201340990001201352990001201364990001201376990001201388990001201400990001201412990001201424990001201436990001201448990001201460990001201472990001201484990001201496990001201508990001201520990001201532990001201544990001201556990001201568990001201580990001201592990001201604990001201616990001201628990001201640990001201652990001201664990001201676990001201688990001201700990001201712990001201724990001201736990001201748990001201760990001201772990001201784990001201796990001201808990001201820990001201832990001201844990001201856990001201868990001201880990001201892990001201904990001201916990001201928990001201940INLIS000000000000814 ind  a0010-0524000049 aBuku Siswa Bahasa Jerman Kelas XIIcKasim aKasim a1 aSolo :bTiga Serangkaic2016 a248 hlm a430 KAS b a430 aNonFiksi a0740662 a0740663 a0740664 a0740665 a0740666 a0740667 a0740668 a0740669 a0740670 a0740671 a0740672 a0740673 a0740674 a0740675 a0740676 a0740677 a0740678 a0740679 a0740680 a0740681 a0740682 a0740683 a0740684 a0740685 a0740686 a0740687 a0740688 a0740689 a0740690 a0740691 a0740692 a0740693 a0740694 a0740695 a0740696 a0740697 a0740698 a0742619 a0742620 a0742621 a0742622 a0742623 a0742624 a0742625 a0742626 a0742627 a0742628 a0742629 a0742630 a0742631 a0742632 a0742633 a0742634 a0742635 a0742636 a0742637 a0742638 a0742639 a0742640 a0742641 a0742642 a0742643 a0742644 a0742645 a0742646 a0742647 a0742648 a0742649 a0742650 a0742651 a0742652 a0742653 a0742654 a0742655 a0742656 a0742657 a0742658 a0742659 a0742660 a0742661 a0742662 a0742663 a0742664 a0742665 a0742666 a0742667 a0742668 a0742669 a0742670 a0742671 a0742672 a0742673 a0742674 a0742675 a0742676 a0742677 a0742678 a0742679 a0742680 a0742681 a0742682 a0742683 a0742684 a0742685 a0742686 a0742687 a0742688 a0742689 a0742690 a0742691 a0742692 a0742693 a0742694 a0742695 a0742696 a0742697 a0742698 a0742699 a0742700 a0742701 a0742702 a0742703 a0742704 a0742705 a0742706 a0742707 a0742708 a0742709 a0742710 a0742711 a0742712 a0742713 a0742714 a0742715 a0742716 a0742717 a0742718 a0742719 a0742720 a0742721 a0742722 a0742723 a0742724 a0742725